Statistics for Countries with the Least Tourists Per Capita

Click here to take the quiz!

General Stats

  • This quiz has been taken 40 times
  • The average score is 9 of 15

Answer Stats

Continent Locals per Tourist Answer % Correct
Africa142Niger
79%
Africa58Sudan
74%
Africa111Chad
72%
Europe323Moldova
69%
Africa102Mali
67%
Africa126Ethiopia
64%
Africa372Guinea
62%
Asia1273Bangladesh
59%
Asia169India
56%
Africa144Sierra Leone
56%
Europe69Belarus
54%
Africa92Burkina Faso
49%
Africa47Ivory Coast
41%
Africa106Madagascar
33%
Africa47Tanzania
28%

Score Distribution

Percentile by Number Answered

Percent of People with Each Score

Your Score History

You have not taken this quiz